000 00792nam a22002777a 4500
003 CHAP
005 20220817041559.0
008 971013s r 00010 d
010 _a18614
011 _a19586
035 _a23671
040 _cCHAP
082 _a338.1
_bA5v
100 0 0 _aAlmada Breach, Hugo.
_94467
245 _aValoración agrícola
260 _a(Cd. Juárez) :
_bEl Labrador,
_c(s.a.)
300 _a211 p
590 _aBATCH-UPD
_b10
_c20130110
_lUCH01
_h1929
590 _aBATCH-UPD
_b10
_c20130410
_lUCH01
_h1253
590 _aBATCH-UPD
_b10
_c20130914
_lUCH01
_h2133
590 _aCONVERSION
_b10
_c20130109
_lUCH01
_h1311
650 1 4 _aAgricultura
_xAspectos económicos.
901 _aBK
942 _cLIBRO
949 _a338.1 A5v
_bBC
_cLIBRO
_d-54954
_eLIBRO
_i23671
_si
999 _c18614
_d18614